| 000 | 00431nam a22001577u 4500 | ||
|---|---|---|---|
| 008 | 130405s1981 xxu||||| |||| 00| 0 ger d | ||
| 041 | _ager | ||
| 100 | 1 |
_aErnst, Josef _921258 |
|
| 245 | 0 | 0 |
_aDas Evangelium nach Markus... _cJosef Ernst |
| 260 |
_aRegensburg: _bPustet, _c1981 |
||
| 300 |
_a536 p. _c;22 cm. |
||
| 490 | 0 | _aRegensburger Neues Testament | |
| 630 | 0 | 4 |
_aBiblia _pN.T. _pEvangelios _913405 |
| 942 | _cBK | ||
| 001 | 42579 | ||
| 999 |
_c241672 _d241672 |
||